Statistics for Guess the Arabic country highlighted on the Map

Click here to take the quiz!

General Stats

  • This quiz has been taken 74 times
  • The average score is 15 of 20

Answers on the Map

Answers color-coded by a green-red scale on the quiz's map according to % correct below.
 

Answer Stats

Answer% Correct
United Arab Emirates
88%
Morocco
84%
Algeria
80%
Egypt
80%
Oman
80%
Saudi Arabia
78%
Iraq
76%
Mauritania
76%
Jordan
73%
Sudan
73%
Libya
71%
Tunisia
71%
Comoros
69%
Djibouti
69%
Syria
69%
Qatar
67%
Yemen
67%
Lebanon
65%
Bahrain
63%
Palestine
61%

Score Distribution

Percentile by Number Answered

Percent of People with Each Score

Your Score History

You have not taken this quiz